000 00765nas a2200241 4500
001 BR7701579
003 BR-BrBNA
005 20231205083134.0
007 ta
008 230509b bl.|||p| |||| 00| 00por d
040 _aBR-BrBNA
_bpor
_cBiblioteca Nacional de Agricultura
041 _a(En)
072 _aF60
100 1 _aKirszenzaft, S.L.
100 1 _aValio, I.F.M.
245 1 _aThe effect of growth regulators on height and leaf form in Bidens pilosa L. [erva daninha, regulador de crescimento, tamanho, folha]
650 _aFISIOLOGIA VEGETAL
650 _aERVA DANINHA
650 _aCRESCIMENTO
773 0 _tHoehnea (Brazil)
_xISSN 0073-0912
_g(Dec 1976), v. 6 p. 1-6
_wBR7701579
909 _a202311
_bLúcia
_c55
_dLúcia Elande
942 _2AGRIS
_n0
_cANA
999 _c96669
_d96669